|
|
|
|
| LEADER |
00000nam a22000007a 4500 |
| 005 |
2022082303203.0 |
| 007 |
cr|||| |||| |
| 008 |
220823s2022 es |||||s|||| 00||0 spa d |
| 020 |
|
|
|a 978-84-1122-073-6
|
| 035 |
|
|
|a 36671
|
| 040 |
|
|
|a vLex
|
| 090 |
|
|
|c 13802
|d 13802
|
| 100 |
1 |
|
|a Bd̀enas Zamora, Antonio
|
| 245 |
1 |
2 |
|a La literatura como herramienta didc̀tica en los estudios universitarios jurd̕icos y empresariales
|h [Recurso electrn̤ico] /
|c Antonio Bd̀enas Zamora
|
| 256 |
|
|
|a Servicio en ln̕ea
|
| 260 |
|
|
|a Madrid:
|b Dykinson,
|c 2022
|
| 300 |
|
|
|a 1 recurso electrn̤ico
|
| 500 |
|
|
|a La presente obra colectiva propone la Literatura como mťodo alternativo y complementario en la formacin̤ de los juristas y estudiantes de empresariales. Es el resultado de un esfuerzo conjunto de sincretismo interdisciplinar que tiene por props̤ito favorecer en el alumno una ms̀ firme consolidacin̤ de los conocimientos adquiridos con la saludable intencin̤ de contribuir a agilizar y facilitar su comprensin̤. Dicha combinacin̤ sin duda adems̀ contribuye a que su estudio resulte ms̀ atractivo al estudiante, sin contar con el incalculable enriquecimiento que este mťodo le acarrear ̀en sus competencias orales y escritas. El origen de este proyecto metodolg̤ico interdisciplinar que nos hemos propuesto en este libro es el resultado de un esfuerzo que inicialmente surgi ̤entre algunos profesores del r̀ea de conocimiento histr̤ico jurd̕ica entusiasmados con la idea de observar lo jurd̕ico desde las distintas perspectivas que el Arte en general poda̕ ofrecer a fin de estimular el interš y favorecer el aprendizaje entre los estudiantes de Derecho.
|
| 506 |
1 |
|
|a Disponible solo en los productos indicados
|d vLex Global
|d vLex Global (Academic Edition, excluding Law Schools)
|d vLex Global (U.S. Academic Edition, Law Schools)
|d vLex Global (U.S. Academic Edition, excluding Law Schools)
|d vLex Global (Academic Edition, Law Schools)
|
| 650 |
0 |
4 |
|a Educacin̤
|z Espaą
|
| 740 |
0 |
|
|a vLex Libros (Servicio en ln̕ea)
|
| 856 |
4 |
0 |
|u https://app.vlex.com/#/sources/36671
|z Acceso restringido
|
| 942 |
|
|
|c BOOK
|
| 999 |
0 |
|
|a Education
|